[Event "Mistrzostwa Polski Juniorow do lat 16 - Chlopcy"]
[Site "Szklarska Poreba"]
[Date "1899-12-30"]
[Round "7.24"]
[White "Kalkowski, Igor"]
[Black "Haliniak, Wojciech"]
[Result "0-1"]
[WhiteTitle "I+"]
[BlackTitle "I"]
[WhiteElo "1862"]
[BlackElo "1705"]

1. e4 Nf6 2. Nc3 e5 3. f4 d5 4. fxe5 Nxe4 5. Nf3 Bb4 6. Qe2 Bxc3 7. dxc3 Bg4 8.
Bf4 c6 9. O-O-O Qb6 10. h3 Bh5 11. g4 Bg6 12. Nd4 O-O 13. h4 Nc5 14. Bg2 Be4 15.
g5 Nbd7 16. Bxe4 Nxe4 17. h5 Rae8 18. Qh2 Ndc5 19. g6 Na4 20. Nb3 Qf2 21. h6 Qxh2
22. gxh7+ Kxh7 23. hxg7 Qxh1 24. gxf8=N+ Rxf8 25. Rxh1+ Kg6 26. Nd4 Rg8 27. Rg1+
Kh7 28. Rh1+ Kg6 29. Rg1+ Kh7 30. Rxg8 Kxg8 31. Nf5 Nac5 32. Be3 Nd7 33. Bf4 Kh7
34. Kd1 Kg6 35. Ne7+ Kh5 36. Nc8 Kg4 37. Be3 a6 38. Nd6 Nxd6 39. exd6 Kf5 40.
Ke2 Ke5 41. Kf3 Kxd6 42. Kf4 Ke6 43. b3 c5 44. a4 a5 45. Bd2 b6 46. b4 Nb8 47.
bxa5 bxa5 48. c4 Nc6 49. cxd5+ Kxd5 50. Kf5 Kd4 51. Kf6 c4 52. Kxf7 c3 53. Bg5
Kc4 54. Ke6 Nd4+ 55. Kd6 Nxc2 56. Bf6 Nd4 57. Be5 c2 58. Bf4 Ne2 0-1

[Event "Mistrzostwa Polski Juniorow do lat 16 - Chlopcy"]
[Site "Szklarska Poreba"]
[Date "1899-12-30"]
[Round "8.1"]
[White "Czernek, Tymon"]
[Black "Dzida, Kamil"]
[Result "1-0"]
[WhiteTitle "I++"]
[BlackTitle "k+"]
[WhiteElo "2120"]
[BlackElo "2254"]

1. e4 c5 2. Ne2 d6 3. g3 Nc6 4. Bg2 e6 5. c3 Nge7 6. d4 cxd4 7. cxd4 d5 8. exd5
Nxd5 9. Nbc3 Nxc3 10. bxc3 Be7 11. O-O O-O 12. Rb1 Na5 13. Nf4 Bd7 14. Nd3 Rc8
15. Ne5 b6 16. Qd3 Bd6 17. Nxd7 Qxd7 18. Be4 h6 19. Be3 Qa4 20. d5 e5 21. Bf5
Rc4 22. Qd2 Rd8 23. Bxh6 Be7 24. Bg5 Qe8 25. Rbd1 Nb7 26. Rfe1 Bxg5 27. Qxg5 Nd6
28. Rxe5 Qf8 29. Re3 g6 30. Bc2 Rdc8 31. Rde1 Qg7 32. Qe7 Rxc3 33. Qxd6 Rxc2 34.
Re8+ Rxe8 35. Rxe8+ Kh7 36. Qf4 g5 37. Qf5+ Qg6 38. Qh3+ 1-0

[Event "Mistrzostwa Polski Juniorow do lat 16 - Chlopcy"]
[Site "Szklarska Poreba"]
[Date "1899-12-30"]
[Round "8.2"]
[White "Niedbala, Bartlomiej"]
[Black "Ochedzan, Tymon"]
[Result "1/2-1/2"]
[WhiteTitle "FM"]
[BlackTitle "CM"]
[WhiteElo "2381"]
[BlackElo "2099"]

1. d4 Nf6 2. Nf3 g6 3. Bf4 Bg7 4. e3 d6 5. h3 O-O 6. Be2 Nbd7 7. O-O c5 8. c3 b6
9. Nbd2 Bb7 10. a4 a6 11. Bh2 Qc7 12. Bd3 Rfe8 13. Re1 e5 14. dxe5 Nxe5 15. Nxe5
dxe5 16. Qe2 Qc6 17. e4 Nh5 18. Bc4 Qd7 19. Nf1 Nf4 20. Qc2 Bc6 21. Rad1 Qb7 22.
Bxf4 exf4 23. Bd5 Bxd5 24. exd5 Rxe1 25. Rxe1 Qxd5 26. Qe4 Qxe4 27. Rxe4 Rd8 28.
f3 Kf8 29. Kf2 Rd1 30. Re1 Rxe1 31. Kxe1 Ke7 32. Ke2 c4 33. Nd2 b5 34. axb5 axb5
35. Kd1 f5 36. Kc2 Kd6 37. b3 Kd5 38. b4 Bf6 1/2-1/2

[Event "Mistrzostwa Polski Juniorow do lat 16 - Chlopcy"]
[Site "Szklarska Poreba"]
[Date "1899-12-30"]
[Round "8.3"]
[White "Luczak, Filip"]
[Black "Suder, Jakub"]
[Result "1-0"]
[WhiteTitle "CM"]
[BlackTitle "I++"]
[WhiteElo "2179"]
[BlackElo "2085"]

1. Nf3 d5 2. g3 e6 3. Bg2 Nf6 4. O-O c6 5. d4 Bd6 6. Nbd2 Nbd7 7. c4 O-O 8. Qc2
Re8 9. Rd1 Qe7 10. e4 Nxe4 11. Nxe4 dxe4 12. Qxe4 e5 13. Bg5 f6 14. Be3 Qf8 15.
d5 c5 16. Bh3 f5 17. Bxf5 Nf6 18. Qc2 Bxf5 19. Qxf5 g6 20. Qh3 Ne4 21. Nd2 Nxd2
22. Rxd2 Qf5 23. Qg2 Rf8 24. Re1 Rae8 25. Rde2 Qd3 26. b3 a5 27. Bf4 Rf5 28. Qe4
Qxe4 29. Rxe4 g5 30. Bd2 Ref8 31. R1e2 a4 32. bxa4 Ra8 33. a5 Bc7 34. Bc3 Bxa5
35. Bxe5 Bb4 36. Bc7 b5 1-0

[Event "Mistrzostwa Polski Juniorow do lat 16 - Chlopcy"]
[Site "Szklarska Poreba"]
[Date "1899-12-30"]
[Round "8.4"]
[White "Baum, Jonasz"]
[Black "Czechowski, Jakub"]
[Result "1-0"]
[WhiteTitle "FM"]
[BlackTitle "I+"]
[WhiteElo "2391"]
[BlackElo "1964"]

1. d4 Nf6 2. c4 g6 3. Nf3 Bg7 4. g3 c6 5. Bg2 d5 6. O-O O-O 7. Qb3 a5 8. Rd1 a4
9. Qb4 dxc4 10. Qxc4 Nbd7 11. Bf4 Nb6 12. Qc1 Nfd5 13. Bh6 Bg4 14. Bxg7 Kxg7 15.
h3 Bxf3 16. Bxf3 f5 17. Nd2 Qd6 18. e4 fxe4 19. Nxe4 Qc7 20. Bg2 Rad8 21. Re1
Qc8 22. Re2 h6 23. Qc2 Rf7 24. Nc5 Nc7 25. Nxa4 Nxa4 26. Qxa4 Rd6 27. Qb4 Na6
28. Qc3 Kh7 29. d5 c5 30. Rae1 Qd8 31. h4 h5 32. Re5 b6 33. Qe3 Rd7 34. Qd3 1-0

[Event "Mistrzostwa Polski Juniorow do lat 16 - Chlopcy"]
[Site "Szklarska Poreba"]
[Date "1899-12-30"]
[Round "8.5"]
[White "Panek, Bartosz"]
[Black "Czopor, Maciej"]
[Result "0-1"]
[WhiteTitle "I+"]
[BlackTitle "k"]
[WhiteElo "1979"]
[BlackElo "2196"]

1. e4 c5 2. Nf3 d6 3. d4 cxd4 4. Nxd4 Nf6 5. f3 e5 6. Nb3 Be6 7. Nc3 Be7 8. Nd5
Bxd5 9. exd5 O-O 10. Bd3 Nbd7 11. O-O Re8 12. Be3 Bf8 13. c4 g6 14. Nd2 Bg7 15.
Ne4 Qc7 16. Rc1 b6 17. b4 a5 18. c5 dxc5 19. bxc5 Nxd5 20. cxb6 Qb8 21. Bf2 N7xb6
22. Rb1 Rd8 23. a3 Qc7 24. Qb3 Bh6 25. g4 Bf4 26. Nf6+ Kg7 27. Ne4 Rab8 28. Bb5
a4 29. Bxa4 Nc4 30. Qa2 Ra8 31. Bb3 Nb4 32. Qe2 Nxa3 33. Rbd1 Nac2 34. Kh1 Nd4
35. Bxd4 exd4 36. Qb2 Nc6 37. Bc4 Rab8 38. Qa2 Ne5 39. Ba6 d3 40. Qf2 Rb6 41.
Ra1 Qc6 0-1

[Event "Mistrzostwa Polski Juniorow do lat 16 - Chlopcy"]
[Site "Szklarska Poreba"]
[Date "1899-12-30"]
[Round "8.6"]
[White "Luberanski, Jakub"]
[Black "Kacprzak, Karol"]
[Result "1-0"]
[WhiteTitle "k"]
[BlackTitle "I++"]
[WhiteElo "2151"]
[BlackElo "1954"]

1. e4 c5 2. Nf3 d6 3. d4 cxd4 4. Nxd4 Nf6 5. Nc3 a6 6. h3 e6 7. g4 Be7 8. Bg2 Nfd7
9. Be3 Nc6 10. Qe2 Qc7 11. O-O-O Nxd4 12. Bxd4 O-O 13. f4 Rb8 14. g5 b5 15. Qh5
b4 16. Ne2 Bb7 17. Ng3 d5 18. e5 Rbc8 19. Rd2 Bc5 20. Ne2 a5 21. Re1 a4 22. Qf3
Ba6 23. Qe3 Bxe2 24. Rexe2 b3 25. a3 Qa5 26. c3 Nb6 27. Rd1 Nc4 28. Qd3 Rc7 29.
f5 Rfc8 30. g6 fxg6 31. fxe6 Be7 32. Kb1 Rf8 33. Rf2 Rcc8 34. Rdf1 Qb5 35. Rxf8+
Rxf8 36. Rxf8+ Bxf8 37. Kc1 Nxa3 38. Qf3 h6 39. Qxd5 Be7 40. Qxb5 Nxb5 41. Bc6
a3 42. Kb1 Nc7 43. Bd7 Kf8 44. c4 Na6 45. Ba4 axb2 46. Kxb2 Nc5 47. Bxb3 Nxe6
48. Kc3 g5 49. Be3 Ba3 50. Kd3 Ke7 51. Ke4 Bc5 52. Bd2 Nf4 53. Bxf4 gxf4 54. Kxf4
g5+ 55. Kf5 Bd4 56. Bd1 Kf7 57. Bh5+ Ke7 58. Bg4 Kf7 59. Bf3 Ke7 60. Bh5 Bc5 61.
Bg4 Bd4 62. Ke4 Bb6 63. Kd5 Bc7 64. Ke4 Bb6 65. Kf5 Bd4 66. e6 Bg7 67. Kg6 Bf8
68. c5 Kd8 69. c6 Kc7 70. Kf7 Ba3 71. Bf3 h5 72. Bxh5 Kxc6 73. e7 Bxe7 74. Kxe7
Kd5 75. Kf6 Kd6 76. Kxg5 Ke7 77. Kg6 Kf8 78. Kh7 Ke7 79. Kg7 1-0

[Event "Mistrzostwa Polski Juniorow do lat 16 - Chlopcy"]
[Site "Szklarska Poreba"]
[Date "1899-12-30"]
[Round "8.7"]
[White "Koziorowicz, Michal"]
[Black "Skurniak, Szymon"]
[Result "1-0"]
[WhiteTitle "k"]
[BlackTitle "I+"]
[WhiteElo "2099"]
[BlackElo "2005"]

1. e4 c5 2. Nf3 Nc6 3. Nc3 e5 4. Bc4 Be7 5. d3 d6 6. h3 Nf6 7. Bg5 h6 8. Bxf6 Bxf6
9. O-O Be6 10. Nd2 O-O 11. a4 Nb4 12. Re1 Re8 13. Nf1 d5 14. exd5 Nxd5 15. Bxd5
Bxd5 16. Nxd5 Qxd5 17. Ne3 Qd4 18. c3 Qd7 19. Ng4 Qf5 20. Re4 Rad8 21. Qe2 Rd6
22. Re1 b6 23. f4 Bh4 24. fxe5 Rde6 25. Rf1 Qg6 26. Nh2 Bg3 27. Nf3 f5 28. exf6
Rxe4 29. dxe4 Qxf6 30. Nd4 Qe5 31. Nf5 Bf4 32. Qg4 Bg5 33. h4 Bf6 34. Qg6 Qxe4
35. Nxh6+ Kh8 36. Rxf6 Qe1+ 37. Rf1 Qe3+ 38. Kh2 gxh6 39. Rf7 Qe5+ 40. g3 Qe2+
41. Kh3 Qe6+ 42. Qxe6 Rxe6 43. Rxa7 Re2 44. Rb7 Rxb2 45. a5 b5 46. a6 Ra2 47.
a7 1-0

[Event "Mistrzostwa Polski Juniorow do lat 16 - Chlopcy"]
[Site "Szklarska Poreba"]
[Date "1899-12-30"]
[Round "8.8"]
[White "Fiedorek, Michal"]
[Black "Kozlowski, Michal"]
[Result "1-0"]
[WhiteTitle "FM"]
[BlackTitle "I++"]
[WhiteElo "2223"]
[BlackElo "2009"]

1. e4 c5 2. Nf3 e6 3. d4 cxd4 4. Nxd4 Nc6 5. Nb5 d6 6. c4 a6 7. Nd4 Nf6 8. Nc3
Qc7 9. Be2 Bd7 10. Be3 Rc8 11. Rc1 Be7 12. O-O O-O 13. f3 Rfd8 14. Qd2 Qb8 15.
Rfd1 Ne5 16. b3 Bc6 17. Qe1 Be8 18. Qg3 Ng6 19. f4 b5 20. f5 exf5 21. Nxf5 Qb7
22. Bg5 Bc6 23. Nxe7+ Qxe7 24. cxb5 axb5 25. Bxb5 Bxb5 26. Nxb5 Rxc1 27. Rxc1
Qxe4 28. Qe3 Ra8 29. a4 Qg4 30. h3 Qd7 31. Qf3 Rc8 32. Rxc8+ Qxc8 33. Bxf6 gxf6
34. Qxf6 Qc1+ 35. Kh2 Ne5 36. Nxd6 Qe1 37. Qg5+ Kf8 38. Nf5 Nc6 39. Qh6+ 1-0

[Event "Mistrzostwa Polski Juniorow do lat 16 - Chlopcy"]
[Site "Szklarska Poreba"]
[Date "1899-12-30"]
[Round "8.9"]
[White "Kotula, Pawel"]
[Black "Bachor, Tomasz"]
[Result "1-0"]
[WhiteTitle "I"]
[BlackTitle "k"]
[WhiteElo "1707"]
[BlackElo "2105"]

1. e4 c5 2. Nf3 g6 3. d4 cxd4 4. Qxd4 Nf6 5. Nc3 Nc6 6. Qa4 d6 7. e5 dxe5 8. Nxe5
Bg7 9. Bb5 O-O 10. Nxc6 bxc6 11. Bxc6 Rb8 12. O-O Bf5 13. Rb1 Qc8 14. Be3 Bxc2
15. Qxc2 Qxc6 16. Bxa7 Ra8 17. Bd4 Rxa2 18. Qe2 Ra5 19. Qxe7 Re8 20. Qb4 Rg5 21.
g3 Ng4 22. h4 Bxd4 23. Qxd4 Ne5 24. Qa4 Nf3+ 25. Kh1 Qxa4 26. Nxa4 Rg4 27. Nc3
Rb8 28. Nd5 Rd4 29. Ne7+ Kg7 30. Nc6 Nd2 31. Nxd4 Nxf1 32. Rxf1 Rxb2 33. Kg2 h5
34. Re1 Rb7 35. Nf3 Kh6 36. Re8 Rb6 37. Ng5 f6 38. Re6 Rb1 39. Rxf6 Ra1 40. Nh3
Kg7 41. Rb6 Ra4 42. Nf4 Kh7 43. Nxg6 Ra2 44. Nf4 Rc2 45. Nxh5 Ra2 46. g4 Ra4 47.
Kg3 Rc4 48. g5 Rc1 49. Kg4 Rh1 50. Rb7+ Kh8 51. g6 Ra1 52. Rb8# 1-0

[Event "Mistrzostwa Polski Juniorow do lat 16 - Chlopcy"]
[Site "Szklarska Poreba"]
[Date "1899-12-30"]
[Round "8.10"]
[White "Grzesik, Gracjan"]
[Black "Cwiek, Ryszard"]
[Result "1-0"]
[WhiteTitle "I++"]
[BlackTitle "I+"]
[WhiteElo "2039"]
[BlackElo "1843"]

1. c4 e5 2. Nc3 Nf6 3. g3 c6 4. d4 exd4 5. Qxd4 d5 6. Bg5 Be7 7. cxd5 cxd5 8. Bg2
Nc6 9. Qa4 Be6 10. e3 h6 11. Bxf6 Bxf6 12. Nge2 O-O 13. O-O Qb6 14. Rfd1 Rfd8
15. Qb5 Qxb5 16. Nxb5 Bxb2 17. Rab1 Bf6 18. Nc7 Rab8 19. Nxd5 Bxd5 20. Rxd5 Rxd5
21. Bxd5 Na5 22. Rc1 Rd8 23. e4 Nc6 24. a3 Rc8 25. Rc2 Rc7 26. f4 Bd8 27. Rc4
Na5 28. Rxc7 Bxc7 29. Kf2 b5 30. Nc3 a6 31. Na2 Bb6+ 32. Ke2 Nc4 33. Bxc4 bxc4
34. Kd2 Bd4 35. Nb4 a5 36. Nc6 Bg1 37. h3 Bh2 38. g4 Bxf4+ 39. Kc3 Bc7 40. Kxc4
g6 41. a4 Kg7 42. e5 f5 43. exf6+ Kxf6 44. Kb5 Kg5 45. Nxa5 Kh4 46. Nc4 Kxh3 47.
Kc6 Ba5 48. Nxa5 Kxg4 49. Nc4 h5 50. Ne5+ Kf5 51. Nf3 Kf4 52. Ng1 h4 53. a5 g5
54. a6 g4 55. a7 h3 56. Nxh3+ gxh3 57. a8=Q Kg3 58. Kd6 Kh2 59. Ke5 Kg1 60. Kf4
h2 61. Kg3 h1=N+ 62. Kf3 Nf2 63. Qg8+ Kh1 64. Qg2# 1-0

[Event "Mistrzostwa Polski Juniorow do lat 16 - Chlopcy"]
[Site "Szklarska Poreba"]
[Date "1899-12-30"]
[Round "8.11"]
[White "Zabron, Maksym"]
[Black "Turski, Bartlomiej"]
[Result "1/2-1/2"]
[WhiteTitle "I++"]
[BlackTitle "I"]
[WhiteElo "2023"]
[BlackElo "1986"]

1. d4 Nf6 2. c4 g6 3. Nc3 Bg7 4. e4 d6 5. f4 O-O 6. Nf3 Na6 7. Bd3 Bg4 8. O-O e5
9. fxe5 Nd7 10. Be3 Bxf3 11. Rxf3 c5 12. Kh1 cxd4 13. Bxd4 Nxe5 14. Rf1 Nc5 15.
Be2 Rc8 16. Be3 Nc6 17. Bg4 Ne6 18. Bxe6 fxe6 19. Rxf8+ Qxf8 20. Qd2 a6 21. Rd1
Be5 22. Ne2 Qf6 23. b3 Rf8 24. Ng1 Qh4 25. Nf3 Qxe4 26. Re1 Qf5 27. Nxe5 dxe5
28. h3 Rd8 29. Qe2 Qd3 30. Bf2 Qxe2 31. Rxe2 Rd3 1/2-1/2

[Event "Mistrzostwa Polski Juniorow do lat 16 - Chlopcy"]
[Site "Szklarska Poreba"]
[Date "1899-12-30"]
[Round "8.12"]
[White "Trybus, Daniel"]
[Black "Poltorak, Sebastian"]
[Result "0-1"]
[WhiteTitle "I++"]
[BlackTitle "k"]
[WhiteElo "2010"]
[BlackElo "2036"]

1. e4 c5 2. Nf3 Nc6 3. d4 cxd4 4. Nxd4 Nf6 5. Nc3 e5 6. Ndb5 d6 7. Bg5 a6 8. Na3
b5 9. Bxf6 gxf6 10. Nd5 f5 11. g3 fxe4 12. Bg2 Be6 13. Bxe4 Bg7 14. Qh5 Rc8 15.
c3 Ne7 16. Rd1 Rc5 17. Nxe7 Qxe7 18. O-O d5 19. Bf5 Bxf5 20. Qxf5 Qe6 21. Qh5
O-O 22. Nc2 Rfc8 23. f4 d4 24. fxe5 dxc3 25. Nd4 Qg6 26. Qf3 c2 27. Nf5 Rxe5 28.
Rc1 Rxf5 29. Qxf5 Qxf5 30. Rxf5 Bxb2 31. Rff1 Bxc1 32. Rxc1 b4 33. Kf2 a5 34.
Ke2 a4 35. Kd2 b3 36. axb3 axb3 37. h3 b2 38. Rxc2 Rd8+ 0-1

[Event "Mistrzostwa Polski Juniorow do lat 16 - Chlopcy"]
[Site "Szklarska Poreba"]
[Date "1899-12-30"]
[Round "8.13"]
[White "Kossowski, Pawel"]
[Black "Kacprzak, Kacper"]
[Result "1/2-1/2"]
[WhiteTitle "I"]
[BlackTitle "I+"]
[WhiteElo "1717"]
[BlackElo "2019"]

1. e4 e6 2. Nf3 d5 3. Nc3 Nf6 4. e5 Nfd7 5. d4 c5 6. dxc5 Nc6 7. Bf4 Bxc5 8. Bd3
f6 9. exf6 Nxf6 10. O-O O-O 11. Bg3 Bd7 12. Qd2 Qe7 13. Rfe1 Rae8 14. Re2 a6 15.
Rae1 Kh8 16. Bf5 Nd8 17. Bh3 Bb4 18. Bh4 Qd6 19. a3 Bxc3 20. Qxc3 Ne4 21. Qd4
Nc6 22. Qd3 Nc5 23. Qe3 e5 24. Bxd7 Nxd7 25. Bg3 b5 26. Qg5 Rxf3 27. gxf3 Nd4
28. Re3 Rf8 29. c3 Rf5 30. Qd8+ Rf8 31. Qg5 Rf5 32. Qd8+ Rf8 33. Qg5 1/2-1/2

[Event "Mistrzostwa Polski Juniorow do lat 16 - Chlopcy"]
[Site "Szklarska Poreba"]
[Date "1899-12-30"]
[Round "8.14"]
[White "Oleksy, Krzysztof"]
[Black "Syrkiewicz, Michal"]
[Result "1-0"]
[WhiteTitle "I"]
[BlackTitle "I"]
[WhiteElo "1842"]
[BlackElo "2004"]

1. d4 d6 2. c4 e5 3. Nf3 e4 4. Nfd2 f5 5. Nc3 Nf6 6. e3 c6 7. d5 Be7 8. Be2 a5
9. O-O O-O 10. f3 exf3 11. Bxf3 Qc7 12. e4 Na6 13. Nb3 fxe4 14. Nxe4 Nxe4 15.
Bxe4 Nc5 16. Nxc5 dxc5 17. Rxf8+ Bxf8 18. Qf3 Bd7 19. Bd2 Bd6 20. Qh5 g6 21. Bxg6
hxg6 22. Qxg6+ Kh8 23. Bc3+ Be5 24. Qh5+ Kg8 25. Bxe5 1-0

[Event "Mistrzostwa Polski Juniorow do lat 16 - Chlopcy"]
[Site "Szklarska Poreba"]
[Date "1899-12-30"]
[Round "8.15"]
[White "Redzisz, Michal"]
[Black "Topola, Rafal"]
[Result "0-1"]
[WhiteTitle "k"]
[BlackTitle "I"]
[WhiteElo "2105"]
[BlackElo "1754"]

1. d4 Nf6 2. Bf4 d5 3. e3 c5 4. c3 Nc6 5. Nd2 e6 6. Ngf3 Bd6 7. Bg3 O-O 8. Bd3
Qe7 9. Ne5 Nd7 10. f4 f6 11. Nxc6 bxc6 12. Nf3 e5 13. fxe5 fxe5 14. dxe5 Bxe5
15. Nxe5 Nxe5 16. Bxh7+ Kxh7 17. Qh5+ Kg8 18. Qxe5 Qb7 19. O-O-O Bf5 20. Bf4 Qa6
21. g4 Rae8 22. Qd6 Be4 23. Rhg1 Qa4 24. Rd2 Qxa2 25. Rdd1 Qb1+ 26. Kd2 Qc2+ 27.
Ke1 Bf3 28. Rd2 Qc1+ 29. Kf2 Qxd2+ 30. Kxf3 Rxe3# 0-1

[Event "Mistrzostwa Polski Juniorow do lat 16 - Chlopcy"]
[Site "Szklarska Poreba"]
[Date "1899-12-30"]
[Round "8.16"]
[White "Wysocki, Mateusz"]
[Black "Kaliszuk, Kamil"]
[Result "1/2-1/2"]
[WhiteTitle "I"]
[BlackTitle "I+"]
[WhiteElo "1864"]
[BlackElo "1961"]

1. e4 c5 2. Nf3 Nf6 3. e5 Nd5 4. c3 Nc6 5. d4 cxd4 6. cxd4 d6 7. Bc4 Nb6 8. Bb5
dxe5 9. Nxe5 Bd7 10. Nxd7 Qxd7 11. Nc3 e6 12. O-O Rd8 13. Be3 Be7 14. Qg4 O-O
15. Rfd1 g6 16. Qf3 a6 17. Bxc6 Qxc6 18. Qxc6 bxc6 19. Rac1 Rb8 20. b3 Rfc8 21.
Ne4 Nd5 22. Bd2 Rb5 23. Rc4 f5 24. Ng3 Nb6 25. Rc2 Rd5 26. Ne2 g5 27. g3 h6 28.
Kf1 Kf7 29. Rdc1 Ba3 30. Re1 a5 31. Nc3 Rd7 32. Be3 Rdc7 33. Ke2 Bd6 34. Kf3 Bb4
35. Rec1 Ba3 36. Rd1 Nd5 37. Bc1 Bd6 38. Bb2 Ke7 39. Re2 Kf6 40. Rde1 Re7 41.
Na4 Rce8 42. Kg2 Kf7 43. h3 Rd8 44. Rd1 Rb7 45. Rde1 Re8 46. Rd1 Bf8 47. Rde1
Bd6 48. Rd1 Ke7 49. Rc1 Kd7 50. Rd2 Rc8 51. Re2 Nb6 52. Nxb6+ Rxb6 53. Rc4 Ra8
54. Bc3 Rb5 55. Ra4 Bb4 56. Rc2 Kd6 57. Kf3 1/2-1/2

[Event "Mistrzostwa Polski Juniorow do lat 16 - Chlopcy"]
[Site "Szklarska Poreba"]
[Date "1899-12-30"]
[Round "8.17"]
[White "Kania, Dominik"]
[Black "Babiarz, Arkadiusz"]
[Result "1-0"]
[WhiteTitle "I"]
[BlackTitle "I++"]
[WhiteElo "1933"]
[BlackElo "1831"]

1. e4 c5 2. Nf3 e6 3. c3 d5 4. exd5 Qxd5 5. d4 Nf6 6. Be2 Be7 7. Be3 cxd4 8. cxd4
Nc6 9. Nc3 Qd6 10. O-O Nb4 11. Ne5 O-O 12. a3 Nbd5 13. Bd3 b6 14. Re1 Bb7 15.
Bc2 Rac8 16. Nb5 Qb8 17. Qd3 Rfd8 18. Bg5 g6 19. Nc3 Nxc3 20. bxc3 Nd5 21. Bxe7
Nxe7 22. Qh3 Nd5 23. Be4 f5 24. Bxd5 Bxd5 25. f4 Rc7 26. Re3 Qc8 27. Rg3 Rg7 28.
Qh6 Qc7 29. h4 Rc8 30. Re1 Qe7 31. Ree3 Rc7 32. Kh2 Qxa3 33. c4 Qa1 34. Qg5 h6
35. Qd8+ Kh7 36. Nxg6 1-0

[Event "Mistrzostwa Polski Juniorow do lat 16 - Chlopcy"]
[Site "Szklarska Poreba"]
[Date "1899-12-30"]
[Round "8.18"]
[White "Budzisz, Adrian"]
[Black "Dalkowski, Rafal"]
[Result "1/2-1/2"]
[WhiteTitle "I"]
[BlackTitle "I"]
[WhiteElo "1812"]
[BlackElo "1893"]

1. e4 c6 2. d4 d5 3. exd5 cxd5 4. Bd3 Nc6 5. c3 Nf6 6. Bf4 Bg4 7. Ne2 e6 8. O-O
Bd6 9. f3 Bh5 10. Bxd6 Qxd6 11. Qd2 Bg6 12. Nf4 Rd8 13. Na3 O-O 14. Rfe1 a6 15.
Nc2 Rfe8 16. Bxg6 hxg6 17. Nd3 Nd7 18. Rad1 b5 19. b4 a5 20. a3 Nb6 21. Nc5 Nc4
22. Qf2 Ra8 23. Ra1 axb4 24. axb4 Qf8 25. Red1 Qd6 26. Ne3 Rxa1 27. Rxa1 e5 28.
Nxc4 dxc4 29. Ne4 Qd5 30. dxe5 Nxe5 31. Qc5 Qxc5+ 32. Nxc5 Rd8 1/2-1/2

[Event "Mistrzostwa Polski Juniorow do lat 16 - Chlopcy"]
[Site "Szklarska Poreba"]
[Date "1899-12-30"]
[Round "8.19"]
[White "Gorkiewicz, Mateusz"]
[Black "Wasik, Mateusz"]
[Result "1-0"]
[WhiteTitle "I+"]
[BlackTitle "I"]
[WhiteElo "1959"]
[BlackElo "1724"]

1. e4 c5 2. Nf3 Nc6 3. d4 cxd4 4. Nxd4 e6 5. Nc3 Qc7 6. Nb3 a6 7. Bd3 Nf6 8. O-O
b5 9. f4 d6 10. Qf3 Bb7 11. Bd2 Be7 12. Rae1 O-O 13. Qh3 Rfe8 14. e5 dxe5 15.
fxe5 Nxe5 16. Rxe5 Qxe5 17. Rxf6 g6 18. Rxf7 Kxf7 19. Qxh7+ 1-0

[Event "Mistrzostwa Polski Juniorow do lat 16 - Chlopcy"]
[Site "Szklarska Poreba"]
[Date "1899-12-30"]
[Round "8.20"]
[White "Gardian, Adam"]
[Black "Majewski, Krzysztof"]
[Result "0-1"]
[WhiteTitle "I"]
[BlackTitle "I"]
[WhiteElo "1709"]
[BlackElo "1805"]

1. d3 d5 2. Nf3 Nc6 3. Nbd2 e5 4. e4 dxe4 5. dxe4 a6 6. Bc4 Bg4 7. h3 Bh5 8. c3
Nf6 9. g4 Bg6 10. Qe2 Bd6 11. h4 h5 12. g5 Nd7 13. Nf1 Nb6 14. Bb3 Qe7 15. Ng3
O-O-O 16. Be3 Bc5 17. Nf5 Bxf5 18. exf5 Bxe3 19. fxe3 Na5 20. O-O Nxb3 21. axb3
e4 22. Ne1 g6 23. b4 Qe5 24. Ra5 Qg3+ 25. Ng2 Rd3 26. fxg6 fxg6 27. b5 Nc4 28.
bxa6 bxa6 29. Qf2 Qxf2+ 30. Rxf2 Nxa5 31. Nf4 Rd6 0-1

[Event "Mistrzostwa Polski Juniorow do lat 16 - Chlopcy"]
[Site "Szklarska Poreba"]
[Date "1899-12-30"]
[Round "8.21"]
[White "Stachecki, Mikolaj"]
[Black "Dziendziel, Mateusz"]
[Result "0-1"]
[WhiteTitle "I+"]
[BlackTitle "I"]
[WhiteElo "1802"]
[BlackElo "1700"]

1. e4 c5 2. Nf3 d6 3. d4 Nf6 4. Nc3 cxd4 5. Nxd4 g6 6. Be3 Bg7 7. f3 O-O 8. Qd2
Nc6 9. g4 Be6 10. O-O-O Nxd4 11. Bxd4 Qa5 12. a3 Rfc8 13. h4 a6 14. h5 b5 15.
hxg6 hxg6 16. Qg5 Qc7 17. e5 dxe5 18. Bxe5 Nh7 19. Qh4 Qxe5 20. Qxh7+ Kf8 21.
Bd3 Rxc3 22. bxc3 Qxc3 23. Qh3 Rc8 24. f4 Qxa3+ 25. Kd2 Qb4+ 26. Ke2 Qxf4 27.
Rhg1 Bd4 28. Rg2 Rc5 29. Rf1 Qg5 30. Qg3 Re5+ 31. Kd1 Bc3 32. Be4 Rxe4 33. Qxc3
Bxg4+ 34. Rxg4 Qxg4+ 35. Kc1 Qg5+ 36. Kb1 Qe5 37. Qc8+ Kg7 38. Rh1 Rb4+ 0-1

[Event "Mistrzostwa Polski Juniorow do lat 16 - Chlopcy"]
[Site "Szklarska Poreba"]
[Date "1899-12-30"]
[Round "8.22"]
[White "Jedrusik, Adam"]
[Black "Gradalski, Olaf"]
[Result "0-1"]
[WhiteTitle "I"]
[BlackTitle "II+"]
[WhiteElo "1828"]
[BlackElo "1719"]

1. d4 d5 2. Bf4 Nf6 3. e3 Bf5 4. Bd3 Bxd3 5. Qxd3 c6 6. Nd2 Nbd7 7. Ngf3 e6 8.
Bg3 Be7 9. Ne5 Nh5 10. f4 f5 11. Qe2 Nhf6 12. Ndf3 Qa5+ 13. c3 Nxe5 14. Nxe5 Bd6
15. Bh4 Bxe5 16. fxe5 Ne4 17. O-O Qc7 18. g4 g6 19. Kh1 Qg7 20. Qg2 Qh6 21. Bf6
Rf8 22. g5 Qh5 23. Qf3 Qxf3+ 24. Rxf3 h5 25. Kg2 Kd7 26. Rff1 Rfc8 27. Rfc1 b6
28. Kf3 Rc7 29. Ke2 a5 30. c4 Rb7 31. cxd5 cxd5 32. Rc2 Raa7 33. Rac1 Rc7 34.
Rxc7+ Rxc7 35. Rxc7+ Kxc7 36. h4 Kd7 37. a4 f4 38. exf4 Ng3+ 0-1

[Event "Mistrzostwa Polski Juniorow do lat 16 - Chlopcy"]
[Site "Szklarska Poreba"]
[Date "1899-12-30"]
[Round "8.23"]
[White "Haliniak, Wojciech"]
[Black "Celebias, Filip"]
[Result "0-1"]
[WhiteTitle "I"]
[BlackTitle "II"]
[WhiteElo "1705"]
[BlackElo "1558"]

1. e4 c5 2. Nc3 a6 3. f4 b5 4. Nf3 Bb7 5. d3 e6 6. g3 b4 7. Ne2 Be7 8. Bg2 Nf6
9. O-O d5 10. e5 Nfd7 11. d4 Nc6 12. Be3 Qc7 13. c3 bxc3 14. bxc3 Na5 15. g4 Nc4
16. Bf2 h5 17. gxh5 Rxh5 18. h4 g6 19. Ng5 Nf8 20. Qc1 Rh8 21. Bf3 Nh7 22. Qc2
Nxg5 23. fxg5 O-O-O 24. Nf4 Rd7 25. Bg4 Qd8 26. Nxg6 fxg6 27. Qxg6 Rc7 28. Bxe6+
Kb8 29. Bg3 Rc6 30. Qf5 Ne3 31. Qf3 Nxf1 32. Bxd5 Rf8 33. Bf4 Rxf4 34. Qxf4 Qxd5
35. Rxf1 Re6 36. Kf2 cxd4 37. cxd4 Qg2+ 38. Ke3 Rc6 39. d5 Qxd5 40. h5 Rc2 0-1

[Event "Mistrzostwa Polski Juniorow do lat 16 - Chlopcy"]
[Site "Szklarska Poreba"]
[Date "1899-12-30"]
[Round "8.24"]
[White "Werner, Kacper"]
[Black "Strepikowski, Pawel"]
[Result "0-1"]
[WhiteTitle "II"]
[BlackTitle "I"]
[WhiteElo "1591"]
[BlackElo "1676"]

1. e4 c5 2. Nf3 d6 3. Bb5+ Bd7 4. Bxd7+ Qxd7 5. d4 cxd4 6. Nxd4 Nf6 7. Nc3 e6 8.
O-O Be7 9. Be3 O-O 10. f4 Nc6 11. Qf3 a6 12. Kh1 b5 13. Rg1 Rac8 14. Rac1 Nxd4
15. Bxd4 b4 16. Nd1 Qa4 17. b3 Qxa2 18. Ne3 Qa5 19. g4 d5 20. e5 Ne4 21. g5 Bc5
22. Bxc5 Qxc5 23. f5 Qc3 24. Qf4 Qd2 25. Rcf1 Rc3 26. fxe6 Qxe3 27. exf7+ Kh8
28. g6 Qxf4 29. Rxf4 Rc6 30. Rh4 Nf2+ 31. Kg2 Rxg6+ 32. Kxf2 Rxf7+ 0-1